| 000 | 00900 am a2200229 a 4500 | ||
|---|---|---|---|
| 005 | 20240517102626.0 | ||
| 008 | 100510s1988||||xxua f |||| 00| 0 spa d | ||
| 020 | _a3110118769 | ||
| 041 | _aspa | ||
| 092 |
_c618.03 _l16 _sDIC |
||
| 100 | 1 |
_aZink, Christoph _eDir. _9209 |
|
| 245 |
_aDiccionario Pschyrembel de Ginecología y Obstetricia / _cChristoph Zink |
||
| 250 |
_a1a ed. _bTraducción Enrique Alemán ; Christof Burger ; Santos Martín ; Juan Luis Neumann ; Eduardo Pardo Montero ; Alfredo Muñoz Giner ; Juan Francisco Sarti y Stefan Schwarz |
||
| 260 |
_aBerlin ; New York: _bWalter de Gruyter; _c1988. |
||
| 300 | _a295 p. | ||
| 500 | _aZink, C. (Dir.). (1988). Diccionario Pschyrembel de Ginecología y Obstetricia. (1a ed.). Berlin ; New York : Walter de Gruyter. | ||
| 653 | _aDiccionario | ||
| 653 | _aGinecología | ||
| 653 | _aObstetricia | ||
| 930 | _a1797 | ||
| 942 |
_2ddc _cBK |
||
| 999 |
_c300 _d300 |
||